00873cam a22002657a 4500003000500000005001700005008004100022010001000063011001000073035001000083040000900093082001500102100003800117245008700155260006500242300002000307650001800327650005300345650004100398650003800439650002600477650003900503650002400542650004100566CHAP20220329142048.0990519d1996 mx a r 00110 spa d a77844 a78816 a88917 cCHAP04a581.4bC8400aCurtis Patiño, Jorge Francisco.10aAspectos de la morfología de angiospermas cultivadasc/por Jorge Curtis Patiño aChapingo, Méx. :bUACH. Departamento de Fitotecnia,c1996. a134 p. :bilus.14aAngiospermas.14aCaña de azúcarxFisiología y morfología.14aFrijolxFisiología y morfología.14aMelónxFisiologia y morfologia.14aMorfología vegetal.14aPapaxFisiología y morfología.14aPlantas cultivadas.14aTomatexFisiología y morfología.